000 00879cam a2200301 4500
008 090401t1992 xxu||||| |||| 00| 0 eng d
020 _a0854065709
035 _a(Sirsi) u57205
041 _aeng
050 _a331.2166
090 _aRICS 1992/76ABCD
100 _aAuty, Susan
245 _aQuantity surveying resource hours per day per project type: report to the Fees Guidance Working Party, Quantity Surveyors Division...
260 _aLondon
_bRICS
_c1992
300 _a57p. ; 30cm.
350 _a5
650 _aFEES GUIDANCE WORKING PARTY
650 _aGUIDANCE NOTES
650 _aPROFESSIONAL FEES
650 _aQUANTITY SURVEYORS
650 _aRESOURCE HOURS
650 _aRICS
690 _aQuantity surveying
_96263
700 _aRiley, Stuart
710 _aRoyal Institution of Chartered Surveyors
_94900
942 _n0
948 _c04/03/1997
999 _c93914
_d93914